<?xml version="1.0" encoding="UTF-8"?><?xml-stylesheet type="text/xsl" href="static/style.xsl"?><OAI-PMH xmlns="http://www.openarchives.org/OAI/2.0/" xmlns:xsi="http://www.w3.org/2001/XMLSchema-instance" xsi:schemaLocation="http://www.openarchives.org/OAI/2.0/ http://www.openarchives.org/OAI/2.0/OAI-PMH.xsd"><responseDate>2026-06-07T02:38:34Z</responseDate><request verb="GetRecord" identifier="oai:riubu.ubu.es:10259/8707" metadataPrefix="marc">https://riubu.ubu.es/oai/request</request><GetRecord><record><header><identifier>oai:riubu.ubu.es:10259/8707</identifier><datestamp>2024-02-22T11:54:16Z</datestamp><setSpec>com_10259_6394</setSpec><setSpec>com_10259_5086</setSpec><setSpec>com_10259_2604</setSpec><setSpec>col_10259_8706</setSpec></header><metadata><record xmlns="http://www.loc.gov/MARC21/slim" xmlns:doc="http://www.lyncode.com/xoai" xmlns:xsi="http://www.w3.org/2001/XMLSchema-instance" xmlns:dcterms="http://purl.org/dc/terms/" xsi:schemaLocation="http://www.loc.gov/MARC21/slim http://www.loc.gov/standards/marcxml/schema/MARC21slim.xsd">
<leader>00925njm 22002777a 4500</leader>
<datafield tag="042" ind1=" " ind2=" ">
<subfield code="a">dc</subfield>
</datafield>
<datafield tag="720" ind1=" " ind2=" ">
<subfield code="a">Andrés López, Gonzalo</subfield>
<subfield code="e">author</subfield>
</datafield>
<datafield tag="720" ind1=" " ind2=" ">
<subfield code="a">Molina de la Torre, Ignacio</subfield>
<subfield code="e">author</subfield>
</datafield>
<datafield tag="260" ind1=" " ind2=" ">
<subfield code="c">2015</subfield>
</datafield>
<datafield tag="520" ind1=" " ind2=" ">
<subfield code="a">Uno de los cambios que se está produciendo de manera más reciente, y de forma más profunda, en el&#xd;
ámbito de la didáctica de las Ciencias Sociales se refiere a la importancia creciente de los Sistemas de Información&#xd;
Geográfica, no sólo como una materia básica en la propia formación geográfica, de cara a la profesionalización de la&#xd;
disciplina, sino también como una herramienta transversal en los procesos de enseñanza-aprendizaje de otras ramas de&#xd;
conocimiento. De hecho, los SIG se han convertido en una de las herramientas más interdisciplinares dentro de las&#xd;
Ciencias Sociales, como se comprueba por su presencia en las materias de los currículos de otros grados y másteres,&#xd;
pero más aún por la forma en la que se han incorporado a la docencia de ramas como la economía, la historia, el arte, el&#xd;
turismo o el patrimonio. Esta generalización del uso de los SIG ha contribuido a la aparición de numerosas alternativas&#xd;
a los tradicionales programas de escritorio, cuyo coste y curva de aprendizaje dificultaba su aprovechamiento eficaz&#xd;
para usos exclusivamente docentes. La superación de la cartografía analógica o estática por una información geográfica&#xd;
dinámica, contextual, situada en la nube y multiformato ha generalizado el uso de información geolocalizada muy&#xd;
diversa y de temáticas múltiples, lo que favorece la adquisición de las competencias dirigidas al análisis espacial. En&#xd;
este contexto, el presente trabajo se centra en analizar el uso de este tipo de herramientas, los SIG Online, en la&#xd;
docencia de las Ciencias Sociales y, particularmente, en estudiar la eficacia de los denominados “story maps”, como&#xd;
instrumento útil para la adquisición de competencias espaciales en el caso de los estudiantes de los grados en Turismo.</subfield>
</datafield>
<datafield tag="024" ind2=" " ind1="8">
<subfield code="a">978-84-92522-95-8</subfield>
</datafield>
<datafield tag="024" ind2=" " ind1="8">
<subfield code="a">http://hdl.handle.net/10259/8707</subfield>
</datafield>
<datafield ind1=" " ind2=" " tag="653">
<subfield code="a">Sistemas de Información Geográfica Online (SIG Online)</subfield>
</datafield>
<datafield ind1=" " ind2=" " tag="653">
<subfield code="a">Turismo</subfield>
</datafield>
<datafield ind1=" " ind2=" " tag="653">
<subfield code="a">Castilla y León</subfield>
</datafield>
<datafield ind1=" " ind2=" " tag="653">
<subfield code="a">Story Maps</subfield>
</datafield>
<datafield tag="245" ind1="0" ind2="0">
<subfield code="a">Planificación y diseño de rutas turísticas con un sistema de Información Geográfica online: propuestas y aplicaciones educativas para Castilla y León</subfield>
</datafield>
</record></metadata></record></GetRecord></OAI-PMH>